Ordinary differential equations with applications / (Record no. 29992)

000 -LEADER
fixed length control field 00674 a2200205 4500
020 ## - INTERNATIONAL STANDARD BOOK NUMBER
International Standard Book Number 0387307699
020 ## - INTERNATIONAL STANDARD BOOK NUMBER
International Standard Book Number 9780387307695
082 04 - DEWEY DECIMAL CLASSIFICATION NUMBER
Classification number 515.35
090 ## - LOCALLY ASSIGNED LC-TYPE CALL NUMBER (OCLC); LOCAL CALL NUMBER (RLIN)
-- 1380
-- 1380
100 1# - MAIN ENTRY--PERSONAL NAME
Personal name Chicone, Carmen.
245 10 - TITLE STATEMENT
Title Ordinary differential equations with applications /
Statement of responsibility, etc. Carmen Chicone.
250 ## - EDITION STATEMENT
Edition statement 2nd ed.
260 ## - PUBLICATION, DISTRIBUTION, ETC.
Place of publication, distribution, etc. [S.l.] :
Name of publisher, distributor, etc. Springer,
Date of publication, distribution, etc. 2006.
300 ## - PHYSICAL DESCRIPTION
Extent 658 p. ;
Dimensions 24 cm.
490 1# - SERIES STATEMENT
Series statement Texts in applied mathematics.
700 ## - ADDED ENTRY--PERSONAL NAME
Personal name Chicone, Carmen.
830 #0 - SERIES ADDED ENTRY--UNIFORM TITLE
Uniform title Texts in applied mathematics.
942 ## - ADDED ENTRY ELEMENTS (KOHA)
Institution code [OBSOLETE] SNS
Koha item type Book
Call number prefix 515.35 CHI
Holdings
Withdrawn status Lost status Damaged status Not for loan Permanent Location Current Location Date acquired Total Checkouts Full call number Barcode Date last seen Date last checked out Price effective from Koha item type
        School of Natural Sciences (SNS) School of Natural Sciences (SNS) 05/26/2016 1 515.35 CHI SNS0000522 02/08/2019 01/21/2019 05/26/2016 Book
© 2023 Central Library, National University of Sciences and Technology. All Rights Reserved.